Kyle Alessandro - Lighter - Statistics

General Stats
  • This quiz has been taken 257 times
  • The average score is 188 of 281
Answer Stats
Answer % Correct
I
94%
a
91%
light
88%
no
87%
my
86%
lighter
84%
me
84%
to
84%
in
83%
the
82%
way
81%
not
79%
own
79%
be
78%
girl
78%
fire
75%
Golden
75%
dressed
73%
I'm
73%
miles
72%
more
72%
on
72%
you
72%
ice
71%
lost
71%
mind
71%
walk
71%
I'll
70%
somewhere
69%
along
68%
had
68%
burn
67%
night
67%
nothing
67%
now
67%
afraid
66%
all
66%
as
66%
can
66%
thousand
66%
again
65%
dark
65%
hundred
65%
spark
65%
feel
64%
need
64%
don't
63%
fall
63%
inside
63%
it
63%
won't
62%
set
61%
saving
60%
got
59%
heart
59%
lies
59%
your
59%
really
57%
think
56%
keep
55%
anything
53%
did
53%
of
53%
and
51%
mine
51%
dim
50%
bought
48%
line
44%
hooked
43%
was
43%
kept
42%
'cause
41%
tired
39%
when
37%
million
35%
break
34%
down
34%
fight
34%
free
34%
room
34%
silence
34%
tell
33%
time
33%
tries
33%
everybody
32%
fills
32%
I've
32%
mercy
32%
there's
32%
true
32%
ignite
30%
that
30%
but
29%
ground
29%
signs
29%
this
29%
tried
29%
yeah!
29%
off
28%
taken
28%
them
28%
wish
28%
known
26%
jewels
25%
none
25%
at
24%
too
23%
growing
22%
should've
22%
reigns
21%
(no way no way)
14%
they
6%
No matching quizzes found
Score Distribution
Percent of People with Each Score
Percentile by Number Answered
Your Score History
You have not taken this quiz